Unsichere Rente: Wie reagieren Arbeitsangebot und Ersparnis?

Analýza reakcií domácností na zvýšenie rizikovosti v platbách sociálneho poistenia. Pritom sa vylúčilo požičiavanie z titulu požiadaviek sociálneho poistenia. Hlavný výsledok: ponuka práce a úspory rastú. Takto možno jednoducho stimulovať ponuku práce a úspory.

Enregistré dans:
Détails bibliographiques
Auteur principal: Prinz, A.
Autres auteurs: Wolfstetter, E.
Format: Chapitre de livre
Langue:allemand
Sujets:
Tags: Ajouter un tag
Pas de tags, Soyez le premier à ajouter un tag!

MARC

LEADER 00000naa a2200000 4500
001 r007274
005 20221130103439.1
041 0 |a ger 
044 |a DE 
245 1 0 |a Unsichere Rente: Wie reagieren Arbeitsangebot und Ersparnis?  |c A. Prinz, E. Wolfstetter 
520 |a Analýza reakcií domácností na zvýšenie rizikovosti v platbách sociálneho poistenia. Pritom sa vylúčilo požičiavanie z titulu požiadaviek sociálneho poistenia. Hlavný výsledok: ponuka práce a úspory rastú. Takto možno jednoducho stimulovať ponuku práce a úspory. 
610 2 0 |a dôchodky sociálne 
610 2 0 |a poistenie sociálne 
610 2 0 |a domácnosti 
610 2 0 |a riziko 
610 2 0 |a dôchodky starobné 
610 2 0 |a ponuka práce 
610 2 0 |a úspory obyvateľstva 
610 2 0 |a analýza ekonomická 
610 2 0 |a Nemecko 
100 1 |a Prinz, A. 
700 1 |a Wolfstetter, E.